| 000 | 00603nam a2200229Ia 4500 | ||
|---|---|---|---|
| 999 |
_c6521 _d6521 |
||
| 003 | 0100 | ||
| 008 | 130227s9999 xx 000 0 und d | ||
| 040 | _cARRUPELIB | ||
| 050 | _aDT1974.M43 2006 | ||
| 100 |
_aMangcu, Xolela _931484 |
||
| 245 | 4 | _aThe meaning of Mandela | |
| 245 | _ba literary and intellectual celebration | ||
| 260 |
_bHSRC Press _aCape Town _c2006 |
||
| 300 | _axxiii | ||
| 300 | _b 40p. 21cm. | ||
| 600 |
_aMandela, Nelson _931485 |
||
| 942 |
_2lcc _cMONOGRAPH |
||